Countries in France in 1337 - Statistics

General Stats
  • This quiz has been taken 654 times
  • The average score is 13 of 59
Answers on the Map
Answers color-coded by a green-red scale on the quiz's map according to % correct below.
 
Answer Stats
Answer % Correct
Brittany
94%
Normandy
92%
France
86%
Burgundy
83%
Aquitaine
77%
Provence
76%
Lorraine
65%
Anjou
49%
Papal States
48%
Foix
47%
England
46%
Auvergne
43%
Maine
43%
Toul
41%
Nevers
39%
Bourbonnais
34%
Metz
30%
Franche-Comté
27%
Bar
25%
Armagnac
24%
Artois
22%
Béarn
21%
Alençon
19%
Blois
19%
Narbonne
14%
Bésançon
13%
Orange
13%
Verdun
12%
Boulogne
11%
Boulogne-la-Grasse
11%
Cambrésis
9%
Évreux
9%
Rethel
9%
Auxerre
8%
Forez
8%
Viennois
7%
Arras
6%
La Marche
6%
Mallorca
6%
Perche
6%
Périgord
6%
Vendôme
6%
Valentinois
4%
Dreux
3%
Montbéliard
3%
Nassau
2%
Saint-Pol
2%
Sancerre
2%
Tonerre
2%
Astarac
1%
Aumale
1%
Commingues
1%
Étampes
1%
Ferrette
1%
L'Isle Jourdain
1%
Mont-de-Marsan
1%
Roucy
1%
Salm
1%
Montfort-l'Amaury
0%
No matching quizzes found
Score Distribution
Percent of People with Each Score
Percentile by Number Answered
Your Score History
You have not taken this quiz